00751nam a22001697a 450000500170000000800440001705000210006110000380008224500570012025000120017726000750018930000360026449000610030050000720036165000750043365000730050820220616082323.0220616b mx ||||| |||| 00| 0 spa d04aNK8214bV55 19801 aVillegas, Víctor Manuel,d1913-10aHierros coloniales en Tolucac/ Víctor M. Villegas a1a ed.  aMéxico : bBiblioteca Enciclopédica del Estado de México, c1980 axxiii, 118 p. : bil. ;c24 cm. aBiblioteca Enciclopédica del Estado de México; v100 aFacsímil de: Toluca, México. : Escuela de Artes y Oficios, 1942 72Lemb aForja y arte xHistoria yÉpoca colonial zToluca , México  72Lemb aHierro forjado xArte yÉpoca colonial zToluca , México